000 00838nam a2200277 i 4500
003 DO-SdBNP
005 20250312110024.0
007 ta
008 240613b2016 dr ||||| |||| 00| 0 spa d
020 _a9789945654004
040 _aDO-SdBNP
_bspa
_cBNPHU
_erda
041 _aspa
082 4 _aRD861.5
_bM582c
_222
100 _aMessón, Omar,
_964170
_eautor
_4aut.
245 1 0 _aCon-Verso /
_cOmar Messón
264 _aSanto Domingo :
_bSantuario,
_c2016.
300 _a45 páginas ;
_c23 cm.
336 _atexto
_btxt
_2rdacontent
337 _asin mediación
_bn
_2rdamedia
338 _avolumen
_bnc
_2rdacarrier
500 _aIncluye datos biográficos del autor en las solapas
586 _aPremio de Poesía de la Sociedad Cultural Alianza Cibaeña
590 _aInventariado, 2024/BT
910 _aBtavárez
942 _2ddc
_cLBS1
999 _c56842
_d56842